LEADER 00596nab a2200157 i 4500 001 000000283777 003 CaOOAMICUS 005 20180831165243.0 008 180831n xx uu u0 0und r 013 $a36945 040 $aSeMil$bita 245 10$aDossier :$bCaterina : donna, credente, santa. - Titolo dalla copertina. 500 $aMaggio 1994. 600 04$aCaterina : da Siena .$0(OLS)http://semarc/subject/8079 773 0 $t1993-1994.$dBologna : EDB, 1994.$w()238572 996 $6245$aDossier :$bCaterina : donna, credente, santa. - Titolo dalla copertina$9(OLS)http://semarc/title/365164 LEADER 00853nab a2200157 i 4500 001 000000283971 003 CaOOAMICUS 005 20180831165247.0 008 180831n xx uu u0 0und r 013 $a37189 040 $aSeMil$bita 100 1 $aBatarseh, Victor.$0(OLS)http://semarc/name/84453 245 12$aL'istante visitato genera eternitā ; L'amore possibile č felice ; Celebrare il Natale ; Intervista al sindaco di Betlemme Victor Batarseh ; Dossier :$bLa preghiera nei tre monoteismi. - Titoli dalla copertina. 500 $aDicembre 2007. 773 0 $t2007-2008.$dBologna : EDB, 2008.$w()238670 996 $6245$aL'istante visitato genera eternitā ; L'amore possibile č felice ; Celebrare il Natale ; Intervista al sindaco di Betlemme Victor Batarseh ; Dossier :$bLa preghiera nei tre monoteismi. - Titoli dalla copertina$9(OLS)http://semarc/title/365344 LEADER 00609nab a2200157 i 4500 001 000000284074 003 CaOOAMICUS 005 20180831165249.0 008 180831n xx uu u0 0und r 013 $a37346 040 $aSeMil$bita 100 1 $aSala, Giuseppe <1943- >.$0(OLS)http://semarc/name/91709 245 10$aIo credo in Dio, Padre, Figlio, Spirito. - IV p. - Inserto redazionale. 500 $aSettembre 1999 - Allegato. 773 0 $tArte e fede. [Il Credo].$dBologna : EDB, 2000.$w()238747 996 $6245$aIo credo in Dio, Padre, Figlio, Spirito. - IV p. - Inserto redazionale$9(OLS)http://semarc/title/365437 LEADER 00776naa a2200169 i 4500 001 000000320539 003 CaOOAMICUS 005 20180831173328.0 008 180831n it u000 u ita u 013 $a30702 040 $aSeMil$bita 245 10$aFederalismo, mezzogiorno e sviluppo solidale. 650 4$aFederalismo - Italia.$0(OLS)http://semarc/subject/18680 650 4$aItalia Meridionale - Economia.$0(OLS)http://semarc/subject/43514 650 4$aSviluppo solidale.$0(OLS)http://semarc/subject/43916 773 0 $tFigura di Maria nella predicazione e nella pietā oggi.$dNapoli : Verbum Ferens, 2013.$kLetture teologiche napoletane. Nuova serie$z978-88-97232-0-94$gp.131-144$w()222163 996 $6245$aFederalismo, mezzogiorno e sviluppo solidale.$9(OLS)http://semarc/title/391608 LEADER 00857nab a2200133 i 4500 001 000000329685 003 CaOOAMICUS 005 20180831173624.0 008 180831n it uu u0 0ita r 013 $a41363 040 $aSeMil$bita 245 10$aCi siamo resi conto di non essere soli nel cammino. Riportiamo in sintesi tre testimonianze di alcuni religiosi che hanno vissuto l'intenso pomeriggio ... Nella logica della comunicazione di Dio. In [rubrica] :$bSeminaristi e vita religiosa. 773 0 $tVocazione e cambiamento d'epoca. - 32 p. - Titolo dalla copertina.$gp.7$w()291856 996 $6245$aCi siamo resi conto di non essere soli nel cammino. Riportiamo in sintesi tre testimonianze di alcuni religiosi che hanno vissuto l'intenso pomeriggio ... Nella logica della comunicazione di Dio. In [rubrica] :$bSeminaristi e vita religiosa.$9(OLS)http://semarc/title/418162 LEADER 01555nam a2200265 i 4500 001 000000001471 003 CaOOAMICUS 005 20220811120554.0 008 180830s1982 be u000 u lat u 040 $aSeMil$bita 100 0 $aHieronymus,$c.$0(OLS)http://semarc/name/471 245 10$aS. Hieronymi presbyteri Opera polemica. 264 1$aTurnhout :$bBrepols,$c1982- 300 $av. ;$c25 cm. 773 0 $aHieronymus $tS. Hieronymi Presbiteri Opera.$dTurnholti : Brepols, 1958-$kCorpus Christianorum. Series Latina$w()1328 774 0 $aHieronymus $t1: Contra Rufinum.$kCorpus Christianorum. Series Latina$z2503007910$g1$w()51658 774 0 $aHieronymus $t2: Dialogus adversus Pelagianos.$kCorpus Christianorum. Series Latina$z250300802X$g2$w()36879 774 0 $aHieronymus $t3: Contra Iohannem.$kCorpus Christianorum. Series Latina$z2503007945$g2$w()71404 774 0 $aHieronymus $t4: Altercatio Luciferiani et Orthodoxi.$dTurnhout : Brepols, 2000.$kCorpus Christianorum. Series Latina$g4$w()89461 774 0 $aHieronymus $t5: Adversus vigilantium.$dTurnhout : Brepols, 2005.$kCorpus Christianorum. Series Latina$z2-503-00797-X$g5$w()146761 900 0 $aGirolamo$c. 996 $6245$aS. Hieronymi presbyteri Opera polemica$9(OLS)http://semarc/title/400200 996 $6264$aTurnhout :$bBrepols$9(OLS)http://semarc/publisher/29626 LEADER 01010nam a2200241 i 4500 001 000000103226 003 CaOOAMICUS 005 20010920000000.0 008 010920s1972 it u000 u ita u 013 $a75393 040 $aSeMil$bita 100 1 $aAubenas, Roger.$0(OLS)http://semarc/name/40456 245 13$aLa Chiesa e il Rinascimento (1449-1517) /$cR. Aubenas e R. Ricard. 260 $aTorino :$bS.A.I.E.,$c1972. 300 $a547 p., [4] c. di tav., [24] p. di tav. 500 $aTitolo originale : L'Église et la Renaissance (1449-1517). 650 4$aChiesa - Storia - Rinascimento.$0(OLS)http://semarc/subject/16287 700 1 $aRicard, Robert.$0(OLS)http://semarc/name/40457 773 0 $tStoria della Chiesa.$g15$w()137 850 $aSeMil 852 $aSeMil$W1$xVenegono$y1$mSL1.F VII 15$j59687$B59687$CSeMilBibl$Z2$F44178 $8I 996 $6245$aLa Chiesa e il Rinascimento (1449-1517)$9(OLS)http://semarc/title/149994 996 $6260$aTorino :$bS.A.I.E.$9(OLS)http://semarc/publisher/30038 LEADER 01284nam a2200277 i 4500 001 000000218367 003 CaOOAMICUS 005 20130131000000.0 008 130131s1999 it u000 u ita u 013 $a197264 020 $a88-7610-741-X 040 $aSeMil$bita 100 1 $aCantoni, Oscar,$c.$0(OLS)http://semarc/name/43572 245 10$aDiventare padri nello Spirito :$bla formazione delle guide spirituali /$cO. Cantoni ... [et al.] ; acura del Centro nazionale vocazioni. 260 $aMilano :$bĀncora,$c1999. 300 $a192 p. ;$c19 cm. 490 0 $aVenite e vedete ;$v9 650 4$aAccompagnamento spirituale.$0(OLS)http://semarc/subject/6270 710 2 $aConferenza Episcopale Italiana : Centro Nazionale Vocazioni.$0(OLS)http://semarc/name/2418 830 0$aVenite e vedete ;$v9.$0(OLS)http://semarc/title/8175 850 $aSeMil 852 $aSeMil$W1$xVenegono$y1$m2C III 592$j168777$B168777$CSeMilBibl$Z2$F180670 $81 961 $aAcquisto: L.S. srl 996 $6020$a88-7610-741-X$9(OLS)http://semarc/number/216041 996 $6245$aDiventare padri nello Spirito :$bla formazione delle guide spirituali$9(OLS)http://semarc/title/313543 996 $6260$aMilano :$bĀncora$9(OLS)http://semarc/publisher/29763